Central Library OPAC University of Rajshahi

From pagan to Christian / (Record no. 30998)

MARC details
000 -LEADER
fixed length control field 00671cam a22002531 4500
001 - CONTROL NUMBER
control field 30998
003 - CONTROL NUMBER IDENTIFIER
rucl marc code BD-RjUL
005 - DATE AND TIME OF LATEST TRANSACTION
control field 20211209051640.0
008 - FIXED-LENGTH DATA ELEMENTS--GENERAL INFORMATION
fixed length control field 140413s1960 ohua 001 0 eng
035 ## - SYSTEM CONTROL NUMBER
System control number (BD-RjUL)31085
System control number (OCoLC)491595
040 ## - CATALOGING SOURCE
Original cataloging agency DLC
Transcribing agency OKentU
Modifying agency OCoLC
-- DLC
Language of cataloging eng
041 ## - LANGUAGE CODE
Language code of text/sound track or separate title eng
082 00 - DEWEY DECIMAL CLASSIFICATION NUMBER
Classification number 181.11
Author mark and year YUF 1960
100 1# - MAIN ENTRY--PERSONAL NAME
Personal name Yutang, Lin,
Dates associated with a name 1895-1976.
9 (RLIN) 77251
245 10 - TITLE STATEMENT
Title From pagan to Christian /
Statement of responsibility, etc. Lin Yutang.
260 ## - PUBLICATION, DISTRIBUTION, ETC. (IMPRINT)
Place of publication, distribution, etc. London :
Name of publisher, distributor, etc. Heinemann,
Date of publication, distribution, etc. 1960.
300 ## - PHYSICAL DESCRIPTION
Pagination 251 p. :
Illustrations illus. ;
Size 22 cm.
504 ## - BIBLIOGRAPHY, ETC. NOTE
Bibliography, etc Includes index.
650 #0 - SUBJECT ADDED ENTRY--TOPICAL TERM
Topical term or geographic name as entry element Converts.
9 (RLIN) 94231
942 ## - ADDED ENTRY ELEMENTS (KOHA)
Source of classification or shelving scheme Dewey Decimal Classification
Koha item type Books
Holdings
Lost status Source of classification or shelving scheme Damaged status Not for loan Collection code Permanent Location Current Location Shelving location Date acquired Source of acquisition Cost, normal purchase price Total Checkouts Full call number Date last seen Copy number Koha item type
  Dewey Decimal Classification   Not For Loan Non-fiction Central Library, University of Rajshahi Central Library, University of Rajshahi Reading Room 12/03/1963 Zeitlinger 16.00   181.11 YUF 1960 13/04/2014 C-1 Books
  Dewey Decimal Classification     Non-fiction Central Library, University of Rajshahi Central Library, University of Rajshahi   11/09/1990 shqwkat osman dhaka 0.00   181.11 YUF 1960 13/04/2014 C-2 Books